[Event "Moravia-Silesia Region-chT 2223"]
[Site "Czech Republic"]
[Date "2022.10.23"]
[Round "2"]
[White "Cujdik, Jiri"]
[Black "Vavrinkova, Eliska"]
[Result "1-0"]
[WhiteElo "1898"]
[BlackElo "1857"]
[PlyCount "117"]
[EventDate "2022.10.09"]
[EventType "team-tourn"]
[EventRounds "11"]
[EventCountry "CZE"]
[SourceTitle "EXT 2024"]
[Source "ChessBase"]
[SourceDate "2023.10.10"]
[SourceVersion "1"]
[SourceVersionDate "2023.10.10"]
[SourceQuality "1"]
[WhiteTeam "Senov"]
[BlackTeam "Dolni Benesov II"]
[WhiteTeamCountry "CZE"]
[BlackTeamCountry "CZE"]

1. Nf3 d5 2. g3 Nf6 3. Bg2 g6 4. 0-0 Bg7 5. d3 0-0 6. Nbd2 c5 7. e4 Nc6 8. Re1 Qc7 9. c3 Rd8 10. Qc2 h6 11. Nf1 e5 12. Nh4 c4 13. dxc4 dxc4 14. f4 exf4 15. gxf4 Nh5 16. Qf2 b5 17. Ng3 Nf6 18. Qc5 Qb6 19. Qxb6 axb6 20. Be3 Rb8 21. Red1 Rxd1+ 22. Rxd1 Ng4 23. Bc1 Bf8 24. Nf3 Bb7 25. h3 Nf6 26. e5 Ne8 27. Rd7 Bc5+ 28. Kf1 Bc8 29. Rd1 Ng7 30. Nd4 Bxd4 31. cxd4 Nb4 32. a3 Nd3 33. Ne4 Nf5 34. d5 Bb7 35. Nf6+ Kg7 36. Kg1 Ng3 37. Bf3 Rd8 38. Be3 Nxb2 39. Bxb6 Ra8 40. Rb1 c3 41. Rc1 Rc8 42. Bd4 Na4 43. Bf2 Nf5 44. Be2 Nb2 45. Bxb5 c2 46. Bc6 Nd3 47. Rxc2 Nxf4 48. Ne8+ Kh8 49. Nd6 Nxd6 50. exd6 Nxh3+ 51. Kg2 Nxf2 52. d7 Rd8 53. Bxb7 Rxd7 54. Bc6 Ra7 55. Rxf2 Kg8 56. a4 f5 57. d6 Kf7 58. Re2 Ra5 59. d7 1-0

[Event "CZE-chT2F 2122"]
[Site "Czech Republic"]
[Date "2022.01.30"]
[Round "7.7"]
[White "Gerych, Jan"]
[Black "Vavrinkova, Eliska"]
[Result "1-0"]
[WhiteElo "2013"]
[BlackElo "1827"]
[PlyCount "61"]
[EventDate "2021.10.17"]
[EventType "team-tourn"]
[EventRounds "11"]
[EventCountry "CZE"]
[SourceTitle "EXT 2024"]
[Source "ChessBase"]
[SourceDate "2023.10.10"]
[SourceVersion "1"]
[SourceVersionDate "2023.10.10"]
[SourceQuality "1"]
[WhiteTeam "Litovel Tatran"]
[BlackTeam "Dolni Benesov"]
[WhiteTeamCountry "CZE"]
[BlackTeamCountry "CZE"]

1. e4 c6 2. d4 d5 3. Nc3 dxe4 4. Nxe4 Nf6 5. Nxf6+ gxf6 6. Nf3 Bg4 7. Be2 Qc7 8. h3 Bf5 9. Nh4 Bg6 10. Be3 Nd7 11. Qd2 0-0-0 12. Bf4 e5 13. Bg3 Qb6 14. 0-0-0 Bb4 15. Qe3 Rhe8 16. Bg4 Qa5 17. Kb1 h5 18. Bxd7+ Rxd7 19. Nxg6 fxg6 20. dxe5 fxe5 21. Rxd7 Kxd7 22. Rd1+ Bd6 23. Qb3 Re6 24. Qxb7+ Qc7 25. Qb3 g5 26. h4 g4 27. f4 exf4 28. Bxf4 Rf6 29. Bxd6 Rxd6 30. Qf7+ Kc8 31. Qf8+ 1-0

[Event "BL2 Ost 1920 (Women)"]
[Site "Germany"]
[Date "2020.02.15"]
[Round "6.3"]
[White "Vavrinkova, Eliska"]
[Black "Weimert, Miriam"]
[Result "0-1"]
[WhiteElo "1873"]
[BlackElo "1862"]
[PlyCount "60"]
[EventDate "2019.09.14"]
[EventType "team-tourn"]
[EventRounds "7"]
[EventCountry "GER"]
[SourceTitle "EXT 2021"]
[Source "ChessBase"]
[SourceDate "2020.10.23"]
[SourceVersion "1"]
[SourceVersionDate "2020.10.23"]
[SourceQuality "1"]
[WhiteTeam "Dresden USV TU (W)"]
[BlackTeam "Leipzig Lindenau (W)"]
[WhiteTeamCountry "GER"]
[BlackTeamCountry "GER"]

1. d4 d5 2. Nf3 Nf6 3. c4 c6 4. Nc3 a6 5. a4 a5 6. Qc2 e6 7. Bg5 Be7 8. e3 0-0 9. Bd3 h6 10. Bh4 Na6 11. c5 Nb4 12. Qe2 Nxd3+ 13. Qxd3 Nd7 14. Bg3 b6 15. cxb6 Qxb6 16. Qc2 Ba6 17. Ne2 Bb4+ 18. Nd2 Bxe2 19. Kxe2 c5 20. Qd3 c4 21. Qc2 Qa6 22. Kf3 Rfe8 23. Rhd1 Rac8 24. Nb1 e5 25. dxe5 Nxe5+ 26. Bxe5 Rxe5 27. Nc3 Qf6+ 28. Ke2 Rd8 29. Rd4 Bc5 30. Rf4 Qxf4 0-1

[Event "BL2 Ost 1920 (Women)"]
[Site "Germany"]
[Date "2019.12.15"]
[Round "4.1"]
[White "Vavrinkova, Eliska"]
[Black "Reizniece Ozola, Dana"]
[Result "0-1"]
[WhiteElo "1873"]
[BlackElo "2279"]
[PlyCount "60"]
[EventDate "2019.09.14"]
[EventType "team-tourn"]
[EventRounds "7"]
[EventCountry "GER"]
[SourceTitle "EXT 2021"]
[Source "ChessBase"]
[SourceDate "2020.10.23"]
[SourceVersion "1"]
[SourceVersionDate "2020.10.23"]
[SourceQuality "1"]
[WhiteTeam "Dresden USV TU (W)"]
[BlackTeam "Loeberitz (W)"]
[WhiteTeamCountry "GER"]
[BlackTeamCountry "GER"]

1. d4 Nf6 2. c4 g6 3. g3 Bg7 4. Bg2 0-0 5. Nc3 d6 6. Nf3 Nc6 7. 0-0 a6 8. Re1 Rb8 9. Rb1 Bf5 10. e4 Bg4 11. Be3 Re8 12. h3 Bxf3 13. Bxf3 e5 14. d5 Nd4 15. Bg2 c5 16. Kh2 b5 17. cxb5 axb5 18. b4 Nd7 19. Bf1 Qf6 20. Bg2 Rec8 21. Qd2 Nb6 22. Bxd4 exd4 23. Nd1 c4 24. f4 c3 25. Qc2 d3 26. Qxd3 c2 27. Rc1 cxd1Q 28. Rexd1 Rxc1 29. Rxc1 Qb2 30. Qf1 Nc4 0-1

[Event "CZE-chT U18 Extraliga Ost 1819"]
[Site "Czech Republic"]
[Date "2019.01.18"]
[Round "5.4"]
[White "Svanda, Adam"]
[Black "Vavrinkova, Eliska"]
[Result "1/2-1/2"]
[WhiteElo "1840"]
[BlackElo "1770"]
[PlyCount "145"]
[EventDate "2018.10.05"]
[EventType "team-tourn"]
[EventRounds "11"]
[EventCountry "CZE"]
[SourceTitle "EXT 2023"]
[Source "ChessBase"]
[SourceDate "2022.10.05"]
[SourceVersion "1"]
[SourceVersionDate "2022.10.05"]
[SourceQuality "1"]
[WhiteTeam "Policka Stefanydes (U18)"]
[BlackTeam "Stare Mesto (U18)"]
[WhiteTeamCountry "CZE"]
[BlackTeamCountry "CZE"]

1. e4 d5 2. exd5 Qxd5 3. Nc3 Qd6 4. d4 Nf6 5. g3 a6 6. Bg2 Nc6 7. Nge2 Bg4 8. 0-0 0-0-0 9. Be3 e6 10. Qc1 Be7 11. Rd1 Nd5 12. Nxd5 exd5 13. Re1 Bf6 14. Qd2 h5 15. h4 Ne7 16. Nc3 Be6 17. Na4 Nf5 18. Nc5 Nxe3 19. Qxe3 Rde8 20. Qb3 Qc6 21. Nxe6 fxe6 22. c4 Bxd4 23. cxd5 exd5 24. Bxd5 Qb6 25. Qxb6 Bxb6 26. Rad1 Rhf8 27. Rxe8+ Rxe8 28. Rd2 c6 29. Bf7 Re5 30. Bg6 Kc7 31. Kg2 Bc5 32. f4 Rd5 33. Rxd5 cxd5 34. Bxh5 Bd4 35. b3 Kc6 36. Kf3 Kc5 37. Ke2 Bf6 38. Bf7 d4 39. a4 Kb4 40. Kd3 Kc5 41. h5 b6 42. g4 Bh4 43. g5 Bg3 44. f5 Bh4 45. h6 gxh6 46. gxh6 Bf6 47. Bc4 a5 48. Ke4 Kd6 49. h7 Bh8 50. Kf4 Bf6 51. Kg4 Ke7 52. Kh5 Bh8 53. Kg6 Bf6 54. Bd3 Bh8 55. Be4 Be5 56. Bc2 Bh8 57. Kg5 Bf6+ 58. Kh5 Bh8 59. Bd3 Bf6 60. Bc4 Bh8 61. Kg5 Bf6+ 62. Kf4 Kd6 63. Be6 Be5+ 64. Ke4 Bf6 65. Bg8 Bh8 66. Bf7 Bf6 67. Bc4 Bh8 68. Kd3 Kc5 69. Be6 Bf6 70. Ke4 Kd6 71. Kf3 Bh8 72. Kf4 Bf6 73. Bc4 1/2-1/2

[Event "CZE-chT U18 Extraliga Ost 1819"]
[Site "Czech Republic"]
[Date "2018.10.07"]
[Round "3.4"]
[White "Gebauer, Adam"]
[Black "Vavrinkova, Eliska"]
[Result "0-1"]
[WhiteElo "1506"]
[BlackElo "1770"]
[PlyCount "52"]
[EventDate "2018.10.05"]
[EventType "team-tourn"]
[EventRounds "11"]
[EventCountry "CZE"]
[SourceTitle "EXT 2023"]
[Source "ChessBase"]
[SourceDate "2022.10.05"]
[SourceVersion "1"]
[SourceVersionDate "2022.10.05"]
[SourceQuality "1"]
[WhiteTeam "Frydek Mistek BSS (U18) II"]
[BlackTeam "Stare Mesto (U18)"]
[WhiteTeamCountry "CZE"]
[BlackTeamCountry "CZE"]

1. e4 d5 2. exd5 Qxd5 3. Nc3 Qd6 4. d4 Nf6 5. Nf3 a6 6. h3 h6 7. Bc4 b5 8. Bb3 Bb7 9. 0-0 e6 10. Be3 Be7 11. Ne5 c5 12. a3 0-0 13. Ne2 c4 14. Ba2 Nd5 15. c3 Nxe3 16. fxe3 Bg5 17. Qd2 Nd7 18. Nxd7 Qxd7 19. Bb1 e5 20. Ng3 Rfe8 21. Kh2 exd4 22. Qxd4 Qc7 23. Re1 Rad8 24. Qg4 Rd2 25. e4 Bf4 26. Ra2 h5 0-1

[Event "CZE-chT U18 Extraliga Ost 1819"]
[Site "Czech Republic"]
[Date "2018.10.06"]
[Round "2.4"]
[White "Vavrinkova, Eliska"]
[Black "Pekarek, Ales1111"]
[Result "1-0"]
[WhiteElo "1770"]
[BlackElo "1756"]
[PlyCount "39"]
[EventDate "2018.10.05"]
[EventType "team-tourn"]
[EventRounds "11"]
[EventCountry "CZE"]
[SourceTitle "EXT 2023"]
[Source "ChessBase"]
[SourceDate "2022.10.05"]
[SourceVersion "1"]
[SourceVersionDate "2022.10.05"]
[SourceQuality "1"]
[WhiteTeam "Stare Mesto (U18)"]
[BlackTeam "Orlova Slavia (U18)"]
[WhiteTeamCountry "CZE"]
[BlackTeamCountry "CZE"]

1. d4 d6 2. Nf3 Nd7 3. g3 e5 4. c4 Be7 5. Nc3 Ngf6 6. Bg2 c6 7. e4 Qc7 8. 0-0 a5 9. h3 h6 10. Be3 Nf8 11. Qc2 g5 12. dxe5 dxe5 13. Na4 Ra6 14. c5 Be6 15. Nb6 Ng6 16. Rfd1 Nd7 17. Bf1 Ra7 18. a3 Nxc5 19. Bxc5 Bxc5 20. Qxc5 1-0

[Event "Klatovy op-B 24th"]
[Site "Klatovy"]
[Date "2018.07.08"]
[Round "9"]
[White "Vavrinkova, Eliska"]
[Black "Finek, Vaclav"]
[Result "1-0"]
[WhiteElo "1746"]
[BlackElo "1763"]
[PlyCount "77"]
[EventDate "2018.06.30"]
[EventType "swiss"]
[EventRounds "9"]
[EventCountry "CZE"]
[SourceTitle "EXT 2019"]
[Source "ChessBase"]
[SourceDate "2018.10.10"]
[SourceVersion "1"]
[SourceVersionDate "2018.10.10"]
[SourceQuality "1"]

1. d4 d5 2. Nf3 Nf6 3. c4 c6 4. Qc2 g6 5. cxd5 cxd5 6. Nc3 Nc6 7. Bf4 a6 8. e3 Bf5 9. Qd1 Bg7 10. a3 0-0 11. Bd3 Bxd3 12. Qxd3 Qa5 13. 0-0 b5 14. b4 Qb6 15. Rfc1 Rfd8 16. h3 Rac8 17. Rc2 Na7 18. Rac1 a5 19. Na2 Rxc2 20. Rxc2 Rd7 21. Ne5 Rb7 22. bxa5 Qxa5 23. Nb4 Nh5 24. Nxd5 Nxf4 25. Nxf4 b4 26. axb4 Qxb4 27. Rc1 Qb5 28. Qxb5 Rxb5 29. Rc7 Ra5 30. Rxe7 Bxe5 31. Rxe5 Ra2 32. Rc5 Kg7 33. d5 Rd2 34. Kf1 Kf6 35. Ke1 Rb2 36. d6 Rb8 37. e4 Re8 38. Nd5+ Kg7 39. d7 1-0

[Event "Klatovy op-B 24th"]
[Site "Klatovy"]
[Date "2018.07.02"]
[Round "3"]
[White "Chmelik, Benedikt"]
[Black "Vavrinkova, Eliska"]
[Result "1/2-1/2"]
[WhiteElo "1475"]
[BlackElo "1746"]
[PlyCount "90"]
[EventDate "2018.06.30"]
[EventType "swiss"]
[EventRounds "9"]
[EventCountry "CZE"]
[SourceTitle "CBM 185 Extra"]
[Source "ChessBase"]
[SourceDate "2018.07.29"]
[SourceVersion "1"]
[SourceVersionDate "2018.07.29"]
[SourceQuality "1"]

1. e4 d5 2. exd5 Qxd5 3. Nc3 Qd6 4. d4 Nf6 5. Nf3 a6 6. g3 Bg4 7. Bg2 Nc6 8. Be3 e6 9. 0-0 Be7 10. a3 0-0 11. Qd2 Rad8 12. Rad1 Na5 13. Ne4 Nxe4 14. Qxa5 c5 15. c3 Bf6 16. h3 Bh5 17. b4 b6 18. bxc5 bxa5 19. cxd6 Nxc3 20. Rd3 Nb5 21. Rc1 Bxf3 22. Bxf3 Rxd6 23. d5 exd5 24. Rxd5 Rxd5 25. Bxd5 Nxa3 26. Rc6 Rd8 27. Bf3 h6 28. Rxa6 Nc4 29. Bxh6 a4 30. Bf4 Nb2 31. Bc6 Rd4 32. Ra8+ Rd8 33. Rxd8+ Bxd8 34. Bc1 a3 35. Bxb2 axb2 36. Be4 g6 37. Kf1 Kg7 38. Ke2 Kf6 39. f4 Bb6 40. Bb1 Ke6 41. Kd3 Bf2 42. g4 Kd5 43. Bc2 Kc5 44. Kc3 f6 45. Kxb2 g5 1/2-1/2

[Event "CZE-chT U18 Extraliga final-B 1617"]
[Site "Czech Republic"]
[Date "2017.04.22"]
[Round "9.3"]
[White "Vavrinkova, Eliska"]
[Black "Aubrecht, Petr"]
[Result "0-1"]
[WhiteElo "1686"]
[BlackElo "1917"]
[PlyCount "82"]
[EventDate "2016.10.01"]
[EventType "team-tourn"]
[EventRounds "11"]
[EventCountry "CZE"]
[SourceTitle "EXT 2022"]
[Source "ChessBase"]
[SourceDate "2021.10.06"]
[SourceVersion "1"]
[SourceVersionDate "2021.10.06"]
[SourceQuality "1"]
[WhiteTeam "Brno Lokomotiva U18"]
[BlackTeam "Praha Bohemians U18"]
[WhiteTeamCountry "CZE"]
[BlackTeamCountry "CZE"]

1. d4 Nf6 2. c4 g6 3. Nc3 Bg7 4. g3 0-0 5. Nf3 d6 6. Bg2 Nc6 7. 0-0 Na5 8. Qd3 c5 9. e4 a6 10. h3 cxd4 11. Nxd4 Qc7 12. b3 Nc6 13. Be3 Nd7 14. Nd5 Qd8 15. Rad1 Nde5 16. Qe2 Nd7 17. Nxc6 bxc6 18. Nb4 Bb7 19. c5 a5 20. Nc2 Ba6 21. Qg4 Bxf1 22. Bxf1 Ne5 23. Qe2 Qc7 24. f4 Nd7 25. cxd6 exd6 26. Qd2 Nc5 27. Bxc5 dxc5 28. Qe3 Rad8 29. Rxd8 Rxd8 30. e5 Bf8 31. e6 f5 32. Kh2 Qd6 33. Kg1 Be7 34. a4 Bf6 35. Bc4 Qd1+ 36. Qe1 Bd4+ 37. Kh2 Qxc2+ 38. Kh1 Re8 39. e7+ Kg7 40. Qe6 Qd1+ 41. Kg2 Qg1+ 0-1

[Event "CZE-chT U18 Extraliga final-B 1617"]
[Site "Czech Republic"]
[Date "2017.04.21"]
[Round "8.3"]
[White "Molkanov, Oleg"]
[Black "Vavrinkova, Eliska"]
[Result "1-0"]
[WhiteElo "1943"]
[BlackElo "1686"]
[PlyCount "69"]
[EventDate "2016.10.01"]
[EventType "team-tourn"]
[EventRounds "11"]
[EventCountry "CZE"]
[SourceTitle "EXT 2022"]
[Source "ChessBase"]
[SourceDate "2021.10.06"]
[SourceVersion "1"]
[SourceVersionDate "2021.10.06"]
[SourceQuality "1"]
[WhiteTeam "Praha Kobylisy U18"]
[BlackTeam "Brno Lokomotiva U18"]
[WhiteTeamCountry "CZE"]
[BlackTeamCountry "CZE"]

1. Nf3 d5 2. d4 Nf6 3. c4 c6 4. Nc3 a6 5. c5 Nbd7 6. Bf4 g6 7. g3 Bg7 8. Bg2 0-0 9. 0-0 Nh5 10. Be3 e5 11. dxe5 Nxe5 12. Nxe5 Bxe5 13. Bd4 Bg7 14. b4 Re8 15. Bxg7 Nxg7 16. e4 d4 17. Ne2 d3 18. Nc1 f5 19. Nxd3 fxe4 20. Nb2 Qf6 21. Nc4 Nf5 22. Re1 Qc3 23. Qb3 Qxb3 24. axb3 Nd4 25. Nd6 Re7 26. Rad1 Nc2 27. Rxe4 Rxe4 28. Bxe4 Nxb4 29. Nxc8 Rxc8 30. Rd7 Rb8 31. Kf1 a5 32. Bd3 Kf8 33. Bc4 h6 34. Rh7 Na6 35. Bxa6 1-0

[Event "CZE-chT U18 Extraliga Ost 1617"]
[Site "Czech Republic"]
[Date "2016.12.03"]
[Round "5.3"]
[White "Nespor, Jakub"]
[Black "Vavrinkova, Eliska"]
[Result "1-0"]
[WhiteElo "1867"]
[BlackElo "1686"]
[PlyCount "71"]
[EventDate "2016.10.01"]
[EventType "team-tourn"]
[EventRounds "11"]
[EventCountry "CZE"]
[SourceTitle "EXT 2022"]
[Source "ChessBase"]
[SourceDate "2021.10.06"]
[SourceVersion "1"]
[SourceVersionDate "2021.10.06"]
[SourceQuality "1"]
[WhiteTeam "Policka Stefanydes U18"]
[BlackTeam "Brno Lokomotiva U18"]
[WhiteTeamCountry "CZE"]
[BlackTeamCountry "CZE"]

1. c4 Nf6 2. g3 c6 3. Bg2 d5 4. Nf3 g6 5. 0-0 Bg7 6. d4 Nbd7 7. Nbd2 0-0 8. b3 Re8 9. Bb2 Qc7 10. Rc1 dxc4 11. Nxc4 Ne4 12. e3 Ndf6 13. Qe2 Be6 14. Rfd1 Rac8 15. h3 Red8 16. Nfe5 Bd5 17. Nd3 Qb8 18. Nf4 Bxc4 19. bxc4 e6 20. Qc2 Nd6 21. Qb3 b5 22. cxb5 cxb5 23. Rxc8 Rxc8 24. d5 exd5 25. Nxd5 Nxd5 26. Bxd5 Bxb2 27. Qxb2 a5 28. e4 b4 29. Qf6 Qc7 30. e5 Ne8 31. Qf3 Ng7 32. Bb3 Re8 33. Qf6 Ne6 34. Rd6 Nc5 35. Rc6 Qxe5 36. Bxf7+ 1-0

[Event "CZE-chT U18 Extraliga Ost 1617"]
[Site "Czech Republic"]
[Date "2016.10.01"]
[Round "2.4"]
[White "Vavrinkova, Eliska"]
[Black "Kovarik, Matyas"]
[Result "0-1"]
[WhiteElo "1686"]
[BlackElo "1848"]
[PlyCount "82"]
[EventDate "2016.10.01"]
[EventType "team-tourn"]
[EventRounds "11"]
[EventCountry "CZE"]
[SourceTitle "EXT 2022"]
[Source "ChessBase"]
[SourceDate "2021.10.06"]
[SourceVersion "1"]
[SourceVersionDate "2021.10.06"]
[SourceQuality "1"]
[WhiteTeam "Brno Lokomotiva U18"]
[BlackTeam "Stare Mesto U18"]
[WhiteTeamCountry "CZE"]
[BlackTeamCountry "CZE"]

1. d4 d5 2. Nf3 Nf6 3. c4 e6 4. cxd5 exd5 5. Nc3 Be7 6. Bg5 c6 7. Qc2 g6 8. e3 Bf5 9. Bd3 Bxd3 10. Qxd3 0-0 11. 0-0 Nbd7 12. Rab1 a5 13. a3 Re8 14. Rfc1 a4 15. Qc2 Nb6 16. Bxf6 Bxf6 17. b4 Nc4 18. Qa2 b5 19. Nd2 h5 20. Ne2 Qe7 21. Nxc4 dxc4 22. Nf4 Bg5 23. Ne2 Qe6 24. Nc3 Rad8 25. d5 Qc8 26. dxc6 Qxc6 27. Qc2 Bf6 28. Rd1 Bxc3 29. Qxc3 Rd5 30. Rd4 Red8 31. Rbd1 Rxd4 32. Rxd4 Rxd4 33. exd4 Qe4 34. f3 Qb1+ 35. Kf2 Qb3 36. Qc1 Qd3 37. Qe3 Qxe3+ 38. Kxe3 Kf8 39. h3 h4 40. f4 Ke7 41. Ke4 Ke6 0-1

[Event "CZE-chT U18 Extraliga Ost 1617"]
[Site "Czech Republic"]
[Date "2016.10.01"]
[Round "1.4"]
[White "Zgarba, Radek"]
[Black "Vavrinkova, Eliska"]
[Result "0-1"]
[WhiteElo "1838"]
[BlackElo "1686"]
[PlyCount "113"]
[EventDate "2016.10.01"]
[EventType "team-tourn"]
[EventRounds "11"]
[EventCountry "CZE"]
[SourceTitle "EXT 2022"]
[Source "ChessBase"]
[SourceDate "2021.10.06"]
[SourceVersion "1"]
[SourceVersionDate "2021.10.06"]
[SourceQuality "1"]
[WhiteTeam "Hostalkova U18"]
[BlackTeam "Brno Lokomotiva U18"]
[WhiteTeamCountry "CZE"]
[BlackTeamCountry "CZE"]

1. d4 d5 2. c4 c6 3. Nc3 a6 4. b3 Nf6 5. Nf3 b5 6. cxb5 cxb5 7. Bb2 Nc6 8. e3 Bg4 9. Be2 e6 10. 0-0 Be7 11. Rc1 Qb6 12. a3 Na5 13. Ne5 Bxe2 14. Nxe2 0-0 15. Qd3 Rfc8 16. f3 Bd6 17. Kh1 Nb7 18. Ng3 Bxe5 19. dxe5 Nc5 20. Qd1 Nfd7 21. Bd4 b4 22. a4 a5 23. Rf2 Qa6 24. Kg1 Nd3 25. Rxc8+ Rxc8 26. Qe2 Ra8 27. Rf1 N3xe5 28. Qb2 Nd3 29. Qd2 N7c5 30. Rd1 Rd8 31. Qc2 Rc8 32. Bxc5 Nxc5 33. Rc1 Qb6 34. Nh1 Rc7 35. Nf2 Na6 36. Qd2 Rc5 37. Nd3 Rc6 38. Kf1 Qc7 39. Rxc6 Qxc6 40. e4 d4 41. Ne5 Qc3 42. Qe2 Nc5 43. Qb5 Qc1+ 44. Kf2 h6 45. Qe8+ Kh7 46. Qxf7 Qe3+ 47. Kf1 Qg5 48. f4 Qf6 49. Qxf6 gxf6 50. Nc6 Nxb3 51. Ke2 Nc5 52. Nxa5 Nxe4 53. Kd3 Nc3 54. Kxd4 Nxa4 55. Kc4 Nb6+ 56. Kb3 Nd5 57. g3 0-1

[Event "EU-ch U16 Girls 26th"]
[Site "Prague"]
[Date "2016.08.22"]
[Round "5"]
[White "Vavrinkova, Eliska"]
[Black "Scarpa, Silvia"]
[Result "0-1"]
[WhiteElo "1716"]
[BlackElo "1848"]
[PlyCount "64"]
[EventDate "2016.08.18"]
[EventType "swiss"]
[EventRounds "9"]
[EventCountry "CZE"]
[SourceTitle "CBM 174 Extra"]
[Source "ChessBase"]
[SourceDate "2016.10.10"]
[SourceVersion "1"]
[SourceVersionDate "2016.10.10"]
[SourceQuality "1"]

1. d4 Nf6 2. Nf3 c5 3. c4 g6 4. Nc3 cxd4 5. Nxd4 Bg7 6. g3 0-0 7. Bg2 Nc6 8. Nc2 d6 9. 0-0 Bd7 10. b3 Qc8 11. Bb2 Bh3 12. Rb1 Bxg2 13. Kxg2 Qd7 14. e4 Rab8 15. f4 Rfc8 16. Qe2 a6 17. Rbd1 Qc7 18. Ne3 Qa5 19. a3 b5 20. b4 Qb6 21. Ned5 Nxd5 22. Nxd5 Qb7 23. Bxg7 Kxg7 24. cxb5 Qxb5 25. Qb2+ Kg8 26. e5 dxe5 27. fxe5 Rd8 28. Nc7 Qb7 29. Nd5 Rxd5 30. Rxd5 Nxb4 31. axb4 Qxd5+ 32. Kg1 a5 0-1

[Event "Liptovsky Mikulas CupT U20"]
[Site "Liptovsky Mikulas"]
[Date "2016.06.25"]
[Round "7.3"]
[White "Cabanova, Kristina"]
[Black "Vavrinkova, Eliska"]
[Result "1/2-1/2"]
[WhiteElo "1591"]
[BlackElo "1679"]
[PlyCount "145"]
[EventDate "2016.06.21"]
[EventType "team-swiss"]
[EventRounds "8"]
[EventCountry "SVK"]
[SourceTitle "CBM 173 Extra"]
[Source "ChessBase"]
[SourceDate "2016.08.29"]
[SourceVersion "1"]
[SourceVersionDate "2016.08.29"]
[SourceQuality "1"]
[WhiteTeam "Detva Garde (U20)"]
[BlackTeam "Opavsko (U20)"]
[WhiteTeamCountry "SVK"]
[BlackTeamCountry "CZE"]

1. Nf3 d5 2. d4 Nf6 3. Bf4 e6 4. e3 Be7 5. c4 c6 6. Nc3 Nbd7 7. Rc1 0-0 8. Bd3 Re8 9. 0-0 Nf8 10. c5 Ng6 11. Bg3 Nd7 12. b4 Bf6 13. a4 e5 14. dxe5 Ndxe5 15. Nxe5 Bxe5 16. Bxg6 hxg6 17. Ne2 Bf5 18. Bxe5 Rxe5 19. Ng3 Qh4 20. Qd4 Qxd4 21. exd4 Re7 22. Nxf5 gxf5 23. Rfe1 Rae8 24. Kf1 Re4 25. Rcd1 Kf8 26. g3 R8e6 27. Rxe4 fxe4 28. Ke2 Rf6 29. b5 g6 30. Rb1 cxb5 31. axb5 Ke7 32. Rc1 Kd7 33. Rc3 a6 34. bxa6 Rxa6 35. Rb3 Kc7 36. Ke3 g5 37. h3 f5 38. Rc3 Rh6 39. Rb3 f4+ 40. Ke2 Rxh3 41. Rb6 fxg3 42. fxg3 Rxg3 43. Rd6 Rd3 44. Rxd5 g4 45. Rg5 Rxd4 46. Rxg4 Kc6 47. Rg7 Rb4 48. Rg5 Kb5 49. Ke3 Rc4 50. Rg7 Kc6 51. Re7 Rb4 52. Re5 Rb1 53. Kd2 Rb4 54. Ke3 Kb5 55. Rd5 Rc4 56. Rd7 Kc6 57. Re7 Rxc5 58. Rxe4 b5 59. Kd2 Kb6 60. Rb4 Ka5 61. Rb1 b4 62. Ra1+ Kb5 63. Rc1 Rh5 64. Kc2 Rh3 65. Kb2 Ra3 66. Re1 Ka4 67. Rd1 Rb3+ 68. Ka2 Rg3 69. Rd2 b3+ 70. Kb2 Kb4 71. Rh2 Kc4 72. Rh4+ Kb5 73. Rh2 1/2-1/2

[Event "Liptovsky Mikulas CupT U20"]
[Site "Liptovsky Mikulas"]
[Date "2016.06.24"]
[Round "6.3"]
[White "Vavrinkova, Eliska"]
[Black "Brnusak, Tomas"]
[Result "0-1"]
[WhiteElo "1679"]
[BlackElo "1600"]
[PlyCount "100"]
[EventDate "2016.06.21"]
[EventType "team-swiss"]
[EventRounds "8"]
[EventCountry "SVK"]
[SourceTitle "CBM 173 Extra"]
[Source "ChessBase"]
[SourceDate "2016.08.29"]
[SourceVersion "1"]
[SourceVersionDate "2016.08.29"]
[SourceQuality "1"]
[WhiteTeam "Opavsko (U20)"]
[BlackTeam "Liptov Chess School (U20)"]
[WhiteTeamCountry "CZE"]
[BlackTeamCountry "SVK"]

1. d4 Nf6 2. c4 g6 3. Nf3 Bg7 4. g3 0-0 5. Bg2 d6 6. 0-0 Nc6 7. Nc3 Bf5 8. Nh4 Bd7 9. f4 Qc8 10. e4 e5 11. dxe5 dxe5 12. f5 Rd8 13. Nd5 Nxd5 14. cxd5 Nd4 15. Bg5 f6 16. Be3 c5 17. fxg6 h6 18. Qd2 h5 19. Rac1 Bb5 20. Rfe1 b6 21. Bxd4 exd4 22. Nf5 Qd7 23. Bh3 Qb7 24. Nh6+ Kh8 25. Nf7+ Kg8 26. Nxd8 Rxd8 27. Be6+ Kh8 28. Qd1 Bh6 29. Qxh5 Kg7 30. e5 Qe7 31. Bf7 Rh8 32. d6 Qd8 33. Qf5 fxe5 34. Qxe5+ Qf6 35. Qxf6+ Kxf6 36. Re6+ Kg7 37. Rce1 Be3+ 38. R1xe3 dxe3 39. Rxe3 Rd8 40. Re7 Rxd6 41. Bc4+ Kf6 42. Rf7+ Kxg6 43. Bxb5 Kxf7 44. Bc4+ Kf6 45. h4 Rd1+ 46. Kh2 Rd2+ 47. Kh3 Rxb2 48. h5 Kg5 49. Bf7 b5 50. g4 c4 0-1

[Event "Liptovsky Mikulas CupT U20"]
[Site "Liptovsky Mikulas"]
[Date "2016.06.23"]
[Round "4.3"]
[White "Batora, Matej"]
[Black "Vavrinkova, Eliska"]
[Result "1-0"]
[WhiteElo "1897"]
[BlackElo "1679"]
[PlyCount "57"]
[EventDate "2016.06.21"]
[EventType "team-swiss"]
[EventRounds "8"]
[EventCountry "SVK"]
[SourceTitle "CBM 173 Extra"]
[Source "ChessBase"]
[SourceDate "2016.08.29"]
[SourceVersion "1"]
[SourceVersionDate "2016.08.29"]
[SourceQuality "1"]
[WhiteTeam "Nitra Junior (U20)"]
[BlackTeam "Opavsko (U20)"]
[WhiteTeamCountry "SVK"]
[BlackTeamCountry "CZE"]

1. e4 d5 2. exd5 Qxd5 3. Nc3 Qd6 4. d4 Nf6 5. Nf3 a6 6. a4 Nc6 7. g3 Bg4 8. d5 Nb4 9. Bg2 0-0-0 10. 0-0 Nbxd5 11. Qe2 h6 12. Qc4 Nxc3 13. bxc3 Be6 14. Qe2 Bd5 15. Bf4 Qe6 16. Be5 Ne4 17. Qe3 f6 18. Bxc7 Kxc7 19. Nd4 Qb6 20. Bxe4 Bxe4 21. Qxe4 Rd6 22. Rab1 Qa7 23. Ne6+ Kc8 24. c4 b6 25. a5 Qb7 26. Qxb7+ Kxb7 27. Rxb6+ Rxb6 28. axb6 Kxb6 29. Rd1 1-0

[Event "Liptovsky Mikulas CupT U20"]
[Site "Liptovsky Mikulas"]
[Date "2016.06.21"]
[Round "1.3"]
[White "Grimm, Balazs"]
[Black "Vavrinkova, Eliska"]
[Result "1-0"]
[WhiteElo "1566"]
[BlackElo "1679"]
[PlyCount "43"]
[EventDate "2016.06.21"]
[EventType "team-swiss"]
[EventRounds "8"]
[EventCountry "SVK"]
[SourceTitle "CBM 173 Extra"]
[Source "ChessBase"]
[SourceDate "2016.08.29"]
[SourceVersion "1"]
[SourceVersionDate "2016.08.29"]
[SourceQuality "1"]
[WhiteTeam "Budapest EAC (U20)"]
[BlackTeam "Opavsko (U20)"]
[WhiteTeamCountry "HUN"]
[BlackTeamCountry "CZE"]

1. e4 d5 2. exd5 Qxd5 3. Nc3 Qd6 4. d4 Nf6 5. Nf3 a6 6. Bc4 b5 7. Bb3 e6 8. d5 exd5 9. Nxd5 Bb7 10. Bf4 Qe6+ 11. Ne3 Qb6 12. Ne5 Be7 13. Bxf7+ Kf8 14. Nd5 Bxd5 15. Bxd5 c6 16. Bb3 Ke8 17. 0-0 Nbd7 18. Nf7 Rf8 19. Nd6+ Kd8 20. Nf5 g6 21. Nxe7 Kxe7 22. Bd6+ 1-0